| 000 | 00706nam a2200217 a 4500 | ||
|---|---|---|---|
| 001 | BRCA_734 | ||
| 005 | 20190320203127.0 | ||
| 008 | 870515s1983 mx-#---##b---f000-0#spa-# | ||
| 020 | _a9688160083 | ||
| 040 |
_aDLC _cDLC _dDLC |
||
| 050 | 4 |
_aF1386 _b.D57 2 _c1983 |
|
| 245 | 1 | 0 | _aLa Ciudad de México antes y después de la conquista. |
| 260 |
_aMéxico _bDepartamento del Distrito Federal _c1983 |
||
| 300 |
_a163 p. _c21 cm. |
||
| 440 | 0 |
_aColección Distrito Federal _v2 _92417 |
|
| 504 | _aBibliografía: p. 160 | ||
| 651 | 4 |
_aCiudad de México _xDescripción y viajes _92418 |
|
| 651 | 4 |
_aCiudad de México _xHistoria _9691 |
|
| 651 | 4 |
_aCiudad de México _xVida social y costumbres _92419 |
|
| 942 |
_2lcc _cB |
||
| 999 |
_c634 _d634 |
||